[Event "21st World Senior Chess Championship - w"]
[Site "Rijeka"]
[Date "2011.11.19"]
[Round "5.6"]
[White "Dotan, Valeria"]
[Black "Titorenko, Natalia I"]
[Result "1/2-1/2"]
[WhiteElo "2083"]
[BlackElo "2143"]
[PlyCount "26"]
[EventDate "2011.11.19"]

1. Nf3 Nf6 2. c4 c5 3. Nc3 Nc6 4. g3 g6 5. Bg2 Bg7 6. O-O O-O 7. e4 e5 8. d3 d6
9. h3 h6 10. Kh2 Kh7 11. Be3 Be6 12. Qd2 Qd7 13. Kg1 Kg8 1/2-1/2

[Event "21st World Senior Chess Championship - w"]
[Site "Rijeka"]
[Date "2011.11.19"]
[Round "5.7"]
[White "Chireykina, Natalia"]
[Black "Bogumil, Tatiana"]
[Result "0-1"]
[WhiteElo "1853"]
[BlackElo "2115"]
[PlyCount "78"]
[EventDate "2011.11.19"]

1. e4 g6 2. d4 Bg7 3. Nf3 d6 4. Nc3 c6 5. Be3 Nf6 6. h3 O-O 7. Be2 Qc7 8. O-O
Nbd7 9. Qd2 b5 10. a3 Bb7 11. Rad1 a5 12. Bd3 b4 13. Ne2 c5 14. dxc5 Nxc5 15.
axb4 Nfxe4 16. Qe1 axb4 17. Qxb4 Ra4 18. Qe1 Nxd3 19. cxd3 Nc5 20. b4 Na6 21.
Rb1 Bxf3 22. gxf3 Qb7 23. b5 Nc7 24. b6 Nd5 25. Qd1 Rfa8 26. Kg2 e6 27. Qb3 Ra3
28. Qb5 R3a5 29. Qb3 Ra3 30. Qb5 Ra2 31. Rfe1 h5 32. Qb3 Kh7 33. Qc4 R2a4 34.
Qb5 R8a5 35. Qe8 Ra2 36. Qd8 Rc2 37. Nd4 Nxe3+ 38. Kg1 Bxd4 39. fxe3 Qxf3 0-1

[Event "21st World Senior Chess Championship - w"]
[Site "Rijeka"]
[Date "2011.11.19"]
[Round "5.8"]
[White "Fomina, Tatyana"]
[Black "Kabanova, Irina"]
[Result "1/2-1/2"]
[WhiteElo "2215"]
[BlackElo "1959"]
[PlyCount "45"]
[EventDate "2011.11.19"]

1. e4 c5 2. Nf3 e6 3. d3 Nc6 4. g3 d6 5. Bg2 g6 6. O-O Bg7 7. c3 Nge7 8. Bg5 h6
9. Be3 O-O 10. h4 Kh7 11. Nh2 f5 12. Na3 Rb8 13. Nc2 e5 14. f4 Be6 15. d4 cxd4
16. cxd4 fxe4 17. Bxe4 d5 18. Bg2 exf4 19. Bxf4 Rc8 20. Kh1 Qd7 21. Re1 Bf5 22.
Rc1 Bh3 23. Qd2 1/2-1/2

[Event "21st World Senior Chess Championship - w"]
[Site "Rijeka"]
[Date "2011.11.19"]
[Round "5.10"]
[White "Chernova, Natalja"]
[Black "Kierzek, Mira"]
[Result "1/2-1/2"]
[WhiteElo "2095"]
[BlackElo "2023"]
[PlyCount "82"]
[EventDate "2011.11.19"]

1. c4 Nf6 2. Nc3 c6 3. d4 d5 4. e3 Bf5 5. Nf3 e6 6. Bd3 dxc4 7. Bxc4 Nbd7 8. h3
Bb4 9. Qb3 Qb6 10. O-O Be7 11. Qd1 O-O 12. Nh4 Bg6 13. Nxg6 hxg6 14. Rb1 Rad8
15. Qe2 Qc7 16. Bb3 Nb6 17. Bd2 e5 18. Rbc1 exd4 19. exd4 Qd6 20. Rcd1 Rfe8 21.
Be3 Nbd5 22. Nxd5 Nxd5 23. Qf3 Bf6 24. Rfe1 Qd7 25. Rf1 Qf5 26. Qg3 Qe4 27. Bg5
Qe2 28. Bxf6 gxf6 29. Bxd5 cxd5 30. Qb3 b5 31. Rc1 a6 32. Qa3 Qe6 33. Rc5 Kg7
34. Rfc1 Rd6 35. Rc7 Re7 36. Rc8 Red7 37. Qc3 Rd8 38. Rc7 Re8 39. Qg3 Red8 40.
Ra7 R6d7 41. Rxd7 Rxd7 1/2-1/2

[Event "21st World Senior Chess Championship"]
[Site "Opatija"]
[Date "2011.11.21"]
[Round "6.1"]
[White "Rukavina, Josip"]
[Black "Vaisser, Anatoly"]
[Result "0-1"]
[WhiteElo "2360"]
[BlackElo "2274"]
[PlyCount "86"]
[EventDate "2011.11.21"]

1. Nf3 Nf6 2. c4 d6 3. d4 Nbd7 4. Nc3 e5 5. Bg5 Be7 6. e3 O-O 7. Be2 c6 8. O-O
Ne8 9. Bxe7 Qxe7 10. b4 a6 11. a4 e4 12. Nd2 f5 13. f3 exf3 14. Rxf3 Ndf6 15.
Qb3 g5 16. Nf1 Ng7 17. Re1 Be6 18. Qb1 d5 19. c5 Ne4 20. Qc1 g4 21. Rf4 Nh5 22.
Nxe4 Nxf4 23. Nf2 Ng6 24. Nd3 Bd7 25. a5 Rae8 26. g3 Qg7 27. Qc3 Re7 28. Bd1
Rfe8 29. Qd2 Nh8 30. h4 gxh3 31. Bh5 Rf8 32. Nf4 Be8 33. Bf3 h5 34. Kh2 Qh6 35.
Qf2 Nf7 36. Nxh3 Ng5 37. Bg2 Nxh3 38. Bxh3 h4 39. Nd2 hxg3+ 40. Qxg3+ Rg7 41.
Qf4 Rf6 42. Nf3 Bh5 43. Rg1 Qxf4+ 0-1

[Event "21st World Senior Chess Championship"]
[Site "Opatija"]
[Date "2011.11.21"]
[Round "6.2"]
[White "Rashkovsky, Nukim N"]
[Black "Hulak, Krunoslav"]
[Result "1/2-1/2"]
[WhiteElo "2517"]
[BlackElo "2480"]
[PlyCount "130"]
[EventDate "2011.11.21"]

1. d4 Nf6 2. Nf3 e6 3. g3 c5 4. Bg2 Qa5+ 5. Nbd2 cxd4 6. Nxd4 Nc6 7. N4b3 Qc7
8. c4 b6 9. O-O Bb7 10. Nf3 d6 11. Bf4 Ne5 12. Nbd4 a6 13. Rc1 Be7 14. b4 Ng6
15. Qa4+ Qd7 16. Qxd7+ Nxd7 17. Bg5 Rc8 18. Rfd1 h6 19. Be3 O-O 20. Nh4 Bxg2
21. Nxg6 fxg6 22. Kxg2 Kf7 23. f4 e5 24. Nb3 Ke6 25. fxe5 Nxe5 26. Bxb6 Nxc4
27. Bd4 Bf6 28. Rc3 Be5 29. Rdc1 Bxd4 30. Nxd4+ Kd5 31. Nb3 Nb6 32. Rd1+ Ke6
33. Re3+ Kd7 34. Nc5+ Kc6 35. Re6 Nc4 36. a4 Rce8 37. Rc1 Kd5 38. Rd1+ Kc6 39.
Rc1 Kd5 40. Rd1+ Kc6 41. Kh3 Rxe6 42. Nxe6 Re8 43. Rc1 d5 44. Nd4+ Kd6 45. Rf1
Ne3 46. Rf7 Re4 47. Rf4 g5 48. Rxe4 dxe4 49. g4 Kd5 50. b5 axb5 51. axb5 Kc5
52. Kg3 g6 53. Nb3+ Kxb5 54. Nd2 Kc5 55. Nxe4+ Kd5 56. Nd2 Kd4 57. Kf3 Nd5 58.
Ne4 Ke5 59. e3 Nb4 60. Nf2 Kd5 61. Ke2 Kc4 62. Kd2 Nc6 63. Nd3 Kd5 64. Ke2 Kc4
65. h3 h5 1/2-1/2

[Event "21st World Senior Chess Championship"]
[Site "Opatija"]
[Date "2011.11.21"]
[Round "6.4"]
[White "Zhelnin, Vladimir V"]
[Black "Timoscenko, Gennadij"]
[Result "1/2-1/2"]
[WhiteElo "2430"]
[BlackElo "2483"]
[PlyCount "93"]
[EventDate "2011.11.21"]

1. e4 e5 2. Nf3 Nc6 3. Bb5 a6 4. Bxc6 dxc6 5. Nc3 f6 6. d4 exd4 7. Nxd4 c5 8.
Nb3 Qxd1+ 9. Nxd1 Be6 10. Bf4 O-O-O 11. Ne3 h5 12. h3 Bd6 13. Bxd6 cxd6 14.
O-O-O Ne7 15. Rd2 Rd7 16. Rhd1 Rhd8 17. Re2 Ng6 18. f3 Nf4 19. Red2 h4 20. Kb1
Kc7 21. Nc1 d5 22. exd5 Bxd5 23. b3 Bf7 24. Rxd7+ Rxd7 25. Rxd7+ Kxd7 26. Kb2
Ke6 27. Kc3 Ke5 28. Ng4+ Kf5 29. Ne3+ Ke5 30. Ng4+ Kf5 31. Ne3+ Kg5 32. a4 a5
33. Kd2 Be8 34. Na2 f5 35. Nc3 Kf6 36. Ne2 Nxe2 37. Kxe2 b5 38. axb5 Bxb5+ 39.
c4 Bc6 40. Nf1 Ke5 41. Ke3 g5 42. Nd2 a4 43. bxa4 Bxa4 44. f4+ gxf4+ 45. Kd3
Bd1 46. Nf3+ Kf6 47. Kd2 1/2-1/2

[Event "21st World Senior Chess Championship"]
[Site "Opatija"]
[Date "2011.11.21"]
[Round "6.5"]
[White "Kovacevic, Vlatko"]
[Black "Van Riemsdijk, Herman C"]
[Result "1/2-1/2"]
[WhiteElo "2482"]
[BlackElo "2404"]
[PlyCount "53"]
[EventDate "2011.11.21"]

1. d4 c5 2. e3 Nf6 3. Nf3 g6 4. c3 b6 5. Be2 Bg7 6. a4 Nc6 7. d5 Na5 8. c4 d6
9. Nfd2 e5 10. Nc3 O-O 11. O-O Ne8 12. e4 f5 13. exf5 gxf5 14. Ra3 a6 15. Nb3
Nxb3 16. Rxb3 Bd7 17. f4 e4 18. Be3 Nf6 19. Qd2 Rb8 20. Ra1 Qe8 21. Rba3 Ng4
22. Bxg4 fxg4 23. Re1 Qg6 24. g3 Rfe8 25. Rb1 a5 26. Re1 Bf5 27. Re2 1/2-1/2

[Event "21st World Senior Chess Championship"]
[Site "Opatija"]
[Date "2011.11.21"]
[Round "6.6"]
[White "Pushkov, Nikolai"]
[Black "Suba, Mihai"]
[Result "1-0"]
[WhiteElo "2395"]
[BlackElo "2458"]
[PlyCount "76"]
[EventDate "2011.11.21"]

1. d4 Nf6 2. Nf3 e6 3. c4 c5 4. Nc3 cxd4 5. Nxd4 Bb4 6. Ndb5 d5 7. cxd5 exd5 8.
Bg5 O-O 9. a3 Bxc3+ 10. Nxc3 Nc6 11. e3 h6 12. Bxf6 Qxf6 13. Qxd5 Rd8 14. Qf3
Qg6 15. Bb5 Bg4 16. Qg3 Na5 17. f3 Nb3 18. Rd1 Rxd1+ 19. Nxd1 Qb6 20. Bc4 Be6
21. Bxe6 Qxe6 22. O-O Rd8 23. Qc7 Rd7 24. Qc8+ Kh7 25. Nf2 Rd2 26. Qc3 Qd5 27.
Ne4 Rd3 28. Qc2 f5 29. Ng3 b5 30. Qc7 Qe6 31. Qxa7 Rd7 32. Qb8 Qxe3+ 33. Kh1
Nd4 34. Qc8 Rf7 35. Qc1 Qxc1 36. Rxc1 g6 37. Rd1 Rc7 38. h4 f4 1-0

[Event "21st World Senior Chess Championship"]
[Site "Opatija"]
[Date "2011.11.21"]
[Round "6.7"]
[White "Chernov, Evgen"]
[Black "Cebalo Miso"]
[Result "1-0"]
[WhiteElo "2311"]
[BlackElo "2446"]
[PlyCount "95"]
[EventDate "2011.11.21"]

1. d4 Nf6 2. Nf3 e6 3. c4 c5 4. Nc3 cxd4 5. Nxd4 Bb4 6. g3 Nc6 7. Bg2 O-O 8.
O-O a6 9. e4 Nxd4 10. Qxd4 d6 11. e5 Bc5 12. Qf4 dxe5 13. Qxe5 Bd4 14. Qe2 e5
15. Qc2 Be6 16. Ne2 Rc8 17. Nxd4 exd4 18. b3 b5 19. c5 Bd5 20. f3 Bb7 21. Bb2
d3 22. Qc3 Qd5 23. b4 Rfe8 24. Rf2 Qc4 25. Rd1 Re3 26. Qd4 Rce8 27. Bf1 Rxf3
28. Rxf3 Bxf3 29. Rxd3 Bc6 30. Qxc4 bxc4 31. Rd4 h5 32. Rxc4 Ng4 33. Rc1 Rd8
34. Bc3 Bb7 35. Re1 f6 36. Re7 Bf3 37. h3 Nh6 38. Kf2 Nf5 39. Ra7 Be4 40. Bxa6
Rd1 41. Bc4+ Kh8 42. Be6 Rd3 43. Bxf5 Bxf5 44. Be1 h4 45. gxh4 Rxh3 46. b5 Rxh4
47. b6 Rh2+ 48. Ke3 1-0

[Event "21st World Senior Chess Championship"]
[Site "Opatija"]
[Date "2011.11.21"]
[Round "6.9"]
[White "Kurajica, Bojan"]
[Black "Katalymov, Boris"]
[Result "1-0"]
[WhiteElo "2532"]
[BlackElo "2374"]
[PlyCount "53"]
[EventDate "2011.11.21"]

1. Nf3 c5 2. c4 g6 3. d4 Bg7 4. e4 Nh6 5. dxc5 Na6 6. Nc3 O-O 7. h3 f5 8. exf5
Nxf5 9. g4 Bxc3+ 10. bxc3 Ng7 11. Bg2 Nxc5 12. Qd5+ Nce6 13. Bh6 Qc7 14. O-O a5
15. Nd4 Rf7 16. Nb5 Qd8 17. Rfe1 Ra6 18. Rad1 Qf8 19. Rd2 Rc6 20. Qe5 Rc5 21.
Bd5 b6 22. Qb8 Ba6 23. Qxb6 Qc8 24. Bxe6 Nxe6 25. Rxe6 Rxc4 26. Qxa6 dxe6 27.
Na7 1-0

[Event "21st World Senior Chess Championship"]
[Site "Opatija"]
[Date "2011.11.21"]
[Round "6.10"]
[White "Wittmann, Walter"]
[Black "Balashov, Yuri S"]
[Result "1/2-1/2"]
[WhiteElo "2269"]
[BlackElo "2443"]
[PlyCount "58"]
[EventDate "2011.11.21"]

1. e4 d6 2. d4 Nf6 3. Nc3 g6 4. f4 Bg7 5. Nf3 O-O 6. e5 Nfd7 7. Bc4 Nb6 8. Be2
dxe5 9. fxe5 Nc6 10. O-O f6 11. exf6 exf6 12. Be3 Re8 13. Qd2 Nb4 14. Bf2 c6
15. a3 N4d5 16. Nxd5 Qxd5 17. b3 Bf5 18. Rfe1 Be4 19. a4 Qf5 20. c4 Rad8 21. h3
Qd7 22. Rad1 Kh8 23. d5 Nc8 24. dxc6 Qc7 25. Nd4 Bxc6 26. Qc1 f5 27. Nxc6 bxc6
28. Rxd8 Rxd8 29. Rd1 Kg8 1/2-1/2

[Event "21st World Senior Chess Championship"]
[Site "Opatija"]
[Date "2011.11.21"]
[Round "6.12"]
[White "Brinck-Claussen, Bjorn"]
[Black "Shvedchikov, Anatoli I"]
[Result "1/2-1/2"]
[WhiteElo "2263"]
[BlackElo "2423"]
[PlyCount "45"]
[EventDate "2011.11.21"]

1. e4 c5 2. Nf3 Nc6 3. d4 cxd4 4. Nxd4 g6 5. c4 Bg7 6. Be3 Nf6 7. Nc3 d6 8. Be2
O-O 9. O-O Bd7 10. f3 Nxd4 11. Bxd4 a5 12. Qd2 Bc6 13. b3 Nd7 14. Be3 Nc5 15.
Rab1 Qb6 16. Kh1 Qb4 17. Rfc1 Rfc8 18. Bf1 a4 19. Nd5 Qxd2 20. Bxd2 Bxd5 21.
cxd5 axb3 22. axb3 Be5 23. Bb5 1/2-1/2

[Event "21st World Senior Chess Championship"]
[Site "Opatija"]
[Date "2011.11.21"]
[Round "6.16"]
[White "Danner, Georg"]
[Black "Srebrnic, Vojko"]
[Result "1-0"]
[WhiteElo "2406"]
[BlackElo "2261"]
[PlyCount "84"]
[EventDate "2011.11.21"]

1. d4 d6 2. Nf3 Nf6 3. c4 g6 4. Nc3 Bf5 5. Nd2 Bd7 6. g3 c5 7. d5 Bg7 8. Bg2
Na6 9. O-O Nc7 10. a4 a6 11. a5 Rb8 12. e4 e5 13. f4 O-O 14. f5 Bh6 15. Qf3 Kg7
16. Rf2 Ng8 17. h4 f6 18. Bh3 Qe7 19. Rh2 Kh8 20. fxg6 hxg6 21. Bxd7 Qxd7 22.
h5 g5 23. g4 Ne7 24. Nf1 Ne8 25. Na4 Ng7 26. Ne3 Qc7 27. Bd2 Qd7 28. Rf2 Nc8
29. b4 b5 30. axb6 Nxb6 31. Nxc5 dxc5 32. bxc5 Nxc4 33. Nxc4 Qb5 34. Nb6 Rf7
35. Be3 Qd3 36. Rc1 Ne8 37. Nc4 Rfb7 38. Rd2 Qb3 39. d6 Rb4 40. d7 Rxc4 41.
Rxc4 Qxc4 42. d8=Q Kg7 1-0

[Event "21st World Senior Chess Championship"]
[Site "Rijeka"]
[Date "2011.11.21"]
[Round "6.17"]
[White "Dragasevic, Srdja"]
[Black "Chernikov, Oleg L"]
[Result "0-1"]
[WhiteElo "2256"]
[BlackElo "2402"]
[PlyCount "70"]
[EventDate "2011.11.15"]

1. d4 Nf6 2. Bg5 c6 3. c3 d5 4. e3 Bf5 5. Qb3 Qb6 6. Nd2 Nbd7 7. Ngf3 e6 8. Nh4
Bg6 9. Nxg6 hxg6 10. Bxf6 gxf6 11. Qxb6 axb6 12. e4 b5 13. Bd3 dxe4 14. Bxe4 f5
15. Bc2 Bd6 16. h3 Ke7 17. Bb3 Kf6 18. O-O-O Bf4 19. Kc2 Bxd2 20. Rxd2 g5 21.
Ra1 Nb6 22. Re1 Nc4 23. Bxc4 bxc4 24. a3 Ra5 25. f3 Rd5 26. Rde2 Rh4 27. a4 b6
28. b3 cxb3+ 29. Kxb3 c5 30. dxc5 Rxc5 31. Rd1 Rh8 32. Rd6 Rhc8 33. Re3 R8c6
34. Red3 Rxc3+ 35. Rxc3 Rxd6 0-1

[Event "21st World Senior Chess Championship"]
[Site "Rijeka"]
[Date "2011.11.21"]
[Round "6.20"]
[White "Titz, Heimo"]
[Black "Rooze, Jan"]
[Result "0-1"]
[WhiteElo "2202"]
[BlackElo "2321"]
[PlyCount "62"]
[EventDate "2011.11.15"]

1. c4 c5 2. g3 Nf6 3. Bg2 d5 4. cxd5 Nxd5 5. Nc3 Nc7 6. Qa4+ Bd7 7. Qb3 Nc6 8.
Qxb7 Nd4 9. Qe4 g6 10. e3 Bf5 11. Qe5 f6 12. Qxc5 Nc2+ 13. Kd1 Nxa1 14. Bc6+
Kf7 15. Nge2 e5 16. Qc4+ Kg7 17. Bxa8 Bc2+ 18. Ke1 Bd3 19. Qxd3 Qxd3 20. Be4
Qa6 21. h4 Ne6 22. Bb1 Nc5 23. Rf1 Nd3+ 24. Kd1 Bb4 25. Rg1 Rd8 26. f3 Qb7 27.
e4 Bxc3 28. Nxc3 Nxb2+ 29. Ke2 Na4 30. Bd3 Rxd3 31. Kxd3 Qa6+ 0-1

[Event "21st World Senior Chess Championship"]
[Site "Rijeka"]
[Date "2011.11.21"]
[Round "6.22"]
[White "Batakovs, Olegs"]
[Black "Malmdin, Nils-Ake"]
[Result "0-1"]
[WhiteElo "2085"]
[BlackElo "2308"]
[PlyCount "106"]
[EventDate "2011.11.15"]

1. e4 c5 2. Nf3 g6 3. d4 cxd4 4. Nxd4 Nf6 5. Nc3 d6 6. Bg5 Bg7 7. Bb5+ Bd7 8.
Bxd7+ Nbxd7 9. O-O a6 10. Qd2 h6 11. Bh4 Qb6 12. Nb3 Rc8 13. Rfe1 O-O 14. Rab1
Rfe8 15. h3 Rc4 16. Kh1 Rec8 17. f3 Qd8 18. Bf2 b5 19. a3 a5 20. Rbc1 b4 21.
axb4 axb4 22. Ne2 Nh5 23. Nbd4 Rb8 24. g4 Nhf6 25. c3 Ne5 26. b3 bxc3 27. Rxc3
Rc5 28. Rec1 Qa5 29. Be1 Qa7 30. Qc2 Rxc3 31. Qxc3 Qa8 32. Bg3 Nfd7 33. Qc7 Nd3
34. Rd1 N3c5 35. Nc6 Rxb3 36. Nxe7+ Kh7 37. Ng1 Nxe4 38. Be1 Ne5 39. Qc2 Nc5
40. Nd5 Nxf3 41. Qg2 Qa3 42. Bb4 Qa4 43. Bxc5 Nh4 44. Qe2 dxc5 45. Rf1 Qd4 46.
Nf4 Re3 47. Qf2 Qe4+ 48. Ng2 Qxg2+ 49. Qxg2 Nxg2 50. Kxg2 Kg8 51. Rc1 Bd4 52.
Nf3 Re2+ 53. Kg3 Bf2+ 0-1

[Event "21st World Senior Chess Championship"]
[Site "Rijeka"]
[Date "2011.11.21"]
[Round "6.23"]
[White "Marcovici, Adrian"]
[Black "Kelleher, William"]
[Result "0-1"]
[WhiteElo "2049"]
[BlackElo "2300"]
[PlyCount "52"]
[EventDate "2011.11.15"]

1. e4 c5 2. Nf3 g6 3. d4 cxd4 4. Nxd4 Nc6 5. Nc3 Bg7 6. Nde2 Nf6 7. g3 O-O 8.
Bg2 Rb8 9. a4 a6 10. O-O b5 11. axb5 axb5 12. Nd5 Nxd5 13. exd5 Ne5 14. c3 b4
15. Ra4 bxc3 16. Nxc3 d6 17. h3 Qb6 18. Qe2 Bf5 19. Rd1 Qb3 20. Ra7 Nc4 21.
Rxe7 Bf6 22. Rc7 Nxb2 23. Bxb2 Rfe8 24. Qd2 Qxb2 25. Qxb2 Rxb2 26. g4 Bxc3 0-1

[Event "21st World Senior Chess Championship"]
[Site "Rijeka"]
[Date "2011.11.21"]
[Round "6.24"]
[White "Choong, Mark"]
[Black "Turikov, Viktor"]
[Result "0-1"]
[WhiteElo "1885"]
[BlackElo "2270"]
[PlyCount "68"]
[EventDate "2011.11.15"]

1. e4 d6 2. d4 Nf6 3. Bd3 e5 4. c3 Be7 5. Nd2 O-O 6. Ndf3 Nbd7 7. Ne2 d5 8. Ng3
dxe4 9. Nxe4 Nxe4 10. Bxe4 Nf6 11. Bc2 exd4 12. Qxd4 Bg4 13. Ne5 Qxd4 14. cxd4
Bb4+ 15. Kf1 Be6 16. h4 Rad8 17. Be3 Nd5 18. a3 Ba5 19. Rd1 c6 20. h5 Rfe8 21.
Rh4 Bc7 22. Bc1 Ne7 23. g4 h6 24. f4 Bb6 25. f5 Bd5 26. g5 hxg5 27. Rh3 f6 28.
Ng4 Bc4+ 29. Kg2 Be2 30. Bb3+ Nd5 31. Nf2 Bxd1 32. Nxd1 Bxd4 33. h6 Kh7 34.
hxg7+ Kxg7 0-1

[Event "21st World Senior Chess Championship"]
[Site "Rijeka"]
[Date "2011.11.21"]
[Round "6.25"]
[White "Fradkin, Boris"]
[Black "Gundersen, Helge"]
[Result "1-0"]
[WhiteElo "2445"]
[BlackElo "2212"]
[PlyCount "63"]
[EventDate "2011.11.15"]

1. c4 e6 2. Nc3 f5 3. d4 Nf6 4. Qc2 Bb4 5. e3 b6 6. Bd3 Bb7 7. f3 c5 8. a3
Bxc3+ 9. bxc3 d6 10. Ne2 g6 11. e4 fxe4 12. fxe4 e5 13. O-O Nbd7 14. h3 h6 15.
Be3 Qe7 16. d5 Qg7 17. Qd2 O-O-O 18. Ng3 Nh5 19. Nxh5 gxh5 20. Rf5 Nf6 21. Raf1
Rdf8 22. Qf2 Nh7 23. Rf7 Rxf7 24. Qxf7 Qg3 25. Qe6+ Kb8 26. Qxd6+ Ka8 27. Qxh6
Rg8 28. Rf2 Nf6 29. Bf1 Nd7 30. Rf3 Qe1 31. Qh7 Nf6 32. Qf7 1-0

[Event "21st World Senior Chess Championship"]
[Site "Rijeka"]
[Date "2011.11.21"]
[Round "6.26"]
[White "Frick, Christoph"]
[Black "Filipenko, Alexander V"]
[Result "0-1"]
[WhiteElo "2218"]
[BlackElo "2353"]
[PlyCount "99"]
[EventDate "2011.11.15"]

1. e4 c5 2. Nc3 Nc6 3. g3 g6 4. Bg2 Bg7 5. d3 d6 6. Nh3 Nf6 7. Nf4 O-O 8. O-O
Rb8 9. Ncd5 Nd7 10. Ne2 b5 11. Rb1 b4 12. Bd2 a5 13. Qc1 e6 14. Ne3 Nd4 15. Qd1
Ba6 16. Nf4 Ne5 17. Re1 Qc7 18. Rc1 Qd7 19. Nh3 Nxc2 20. Rxc2 Nxd3 21. Nc4 Bxc4
22. Rxc4 Nxb2 23. Qe2 Nxc4 24. Qxc4 Qb5 25. Qc1 a4 26. Bf1 Qb6 27. Bh6 Rfd8 28.
Bxg7 Kxg7 29. e5 d5 30. Re3 Qc7 31. Ba6 Re8 32. Rf3 Qxe5 33. Qxc5 b3 34. axb3
axb3 35. Qa7 Rf8 36. Bd3 b2 37. Bb1 Qe1+ 38. Kg2 Qxb1 39. Ng5 Qf1+ 40. Kxf1
b1=Q+ 41. Kg2 Qb7 42. Qd4+ Kg8 43. Qh4 h5 44. Qf4 Qe7 45. Re3 Rb4 46. Qe5 f6
47. Qxe6+ Qxe6 48. Nxe6 Re8 49. Re2 Kf7 50. Nf4 0-1

[Event "21st World Senior Chess Championship"]
[Site "Rijeka"]
[Date "2011.11.21"]
[Round "6.27"]
[White "Van Den Berg, Ad"]
[Black "Pritchett, Craig W"]
[Result "0-1"]
[WhiteElo "2218"]
[BlackElo "2343"]
[PlyCount "127"]
[EventDate "2011.11.15"]

1. e4 c5 2. Nf3 e6 3. Nc3 a6 4. g3 b5 5. Bg2 Bb7 6. d4 b4 7. Na4 cxd4 8. Nxd4
Qa5 9. b3 Nf6 10. Qd3 d5 11. exd5 Bxd5 12. Bxd5 Qxd5 13. O-O Nbd7 14. c4 bxc3
15. Nxc3 Qb7 16. Re1 Bc5 17. Bb2 O-O 18. Rad1 Rac8 19. Re2 Nb6 20. Qf3 Qxf3 21.
Nxf3 Rfd8 22. Rxd8+ Rxd8 23. Ne5 Rc8 24. Nd3 Bd6 25. Ne4 Nxe4 26. Rxe4 Kf8 27.
Be5 Bxe5 28. Nxe5 f6 29. Nd3 Ke7 30. Rg4 g5 31. Rb4 Rc6 32. h4 h6 33. Kg2 e5
34. h5 Kd6 35. a4 f5 36. a5 Nd5 37. Rb8 e4 38. Nb2 Rc2 39. Nc4+ Kc5 40. Rd8 f4
41. gxf4 gxf4 42. Kg1 Rc3 43. Rc8+ Kd4 44. Rd8 Rxb3 45. Nb6 Rb5 46. Rd6 Rxa5
47. Rxh6 Nxb6 48. Rxb6 Rxh5 49. Rxa6 Kd3 50. Kf1 Rh1+ 51. Kg2 Rc1 52. Ra3+ Rc3
53. Ra2 Rc2 54. Ra3+ Rc3 55. Ra2 Rc2 56. Ra3+ Ke2 57. Ra4 f3+ 58. Kg3 e3 59.
Re4 Rc3 60. Ra4 Rd3 61. Ra1 Rd1 62. Ra2+ Rd2 63. Ra8 exf2 64. Re8+ 0-1

[Event "21st World Senior Chess Championship"]
[Site "Rijeka"]
[Date "2011.11.21"]
[Round "6.28"]
[White "Yasseen, Aly"]
[Black "Jorgensen, Jorgen"]
[Result "1/2-1/2"]
[WhiteElo "2342"]
[BlackElo "2198"]
[PlyCount "92"]
[EventDate "2011.11.15"]

1. e4 d5 2. exd5 Nf6 3. d4 Bg4 4. Bb5+ Nbd7 5. f3 Bf5 6. c4 a6 7. Ba4 b5 8.
cxb5 axb5 9. Bxb5 Nxd5 10. Bd2 e6 11. Ne2 Bd6 12. O-O O-O 13. Nbc3 N7f6 14. Qe1
Nb4 15. Qh4 c5 16. Kh1 Be7 17. Bg5 h6 18. dxc5 Nc2 19. Bxf6 Bxf6 20. Qf2 Nxa1
21. Rxa1 Qd2 22. a4 Qxb2 23. Qe1 Rfd8 24. Qc1 Qb4 25. c6 Qa5 26. Qe3 Rd6 27. g4
Bg6 28. Rc1 Rc8 29. Ne4 Bxe4 30. Qxe4 Qd2 31. c7 Qd5 32. Qxd5 exd5 33. a5 d4
34. Bd3 Re6 35. Bf5 d3 36. Bxe6 fxe6 37. Ng3 Bg5 38. Rd1 d2 39. Ne4 Rxc7 40.
Nxd2 Rd7 41. a6 Ra7 42. Ne4 Rxa6 43. Nxg5 hxg5 44. Rd7 Kh7 45. Kg2 Kg6 46. Kg3
Kf6 1/2-1/2

[Event "21st World Senior Chess Championship"]
[Site "Rijeka"]
[Date "2011.11.21"]
[Round "6.30"]
[White "Straub, Peter"]
[Black "Vikulov, Alexander"]
[Result "1/2-1/2"]
[WhiteElo "2168"]
[BlackElo "2321"]
[PlyCount "65"]
[EventDate "2011.11.15"]

1. d4 d6 2. Nf3 g6 3. c4 Bg7 4. h3 Nd7 5. Nc3 h6 6. Bf4 e5 7. Bh2 exd4 8. Nxd4
Ne7 9. e3 Nc6 10. Be2 O-O 11. O-O Nde5 12. Qd2 a6 13. Nxc6 Nxc6 14. Rad1 Be6
15. Nd5 Rc8 16. b3 Ne5 17. Nf4 Bf5 18. Nd3 Qe7 19. f3 Bxd3 20. Bxd3 Rfe8 21.
Be4 Rb8 22. Rfe1 Nd7 23. Bb1 Qg5 24. Bf4 Qf6 25. Qa5 Rbc8 26. Qd5 b6 27. Qb7
Nc5 28. Qd5 a5 29. h4 Ne6 30. Bg3 h5 31. f4 Nc5 32. e4 Qe6 33. f5 1/2-1/2

[Event "21st World Senior Chess Championship"]
[Site "Rijeka"]
[Date "2011.11.21"]
[Round "6.31"]
[White "Jacobsen, Bo"]
[Black "Ivanets, Vladimir"]
[Result "1-0"]
[WhiteElo "2317"]
[BlackElo "2192"]
[PlyCount "73"]
[EventDate "2011.11.15"]

1. g3 b5 2. Bg2 Nc6 3. d4 e6 4. e4 Bb7 5. c3 Nf6 6. Nd2 Be7 7. Qe2 a6 8. f4 O-O
9. Nh3 d6 10. O-O h6 11. g4 Nh7 12. Nf3 Na5 13. g5 hxg5 14. Nfxg5 Nxg5 15. Nxg5
g6 16. h4 Bxg5 17. fxg5 e5 18. Rf6 Kg7 19. h5 Qe7 20. b3 Rh8 21. h6+ Kg8 22.
dxe5 dxe5 23. Be3 Rxh6 24. a4 c6 25. Bb6 Nxb3 26. Raf1 Rh7 27. Qa2 bxa4 28.
Qxa4 Nd2 29. Rd1 Rh5 30. Be3 Rd8 31. Rxd2 Rxd2 32. Bxd2 Qc5+ 33. Rf2 Qb5 34.
Qxb5 cxb5 35. Rf6 Rh4 36. Kf2 Kg7 37. Rb6 1-0

[Event "21st World Senior Chess Championship"]
[Site "Rijeka"]
[Date "2011.11.21"]
[Round "6.32"]
[White "Rujevic, Mirko"]
[Black "Grabow, Pouelsten Holm"]
[Result "1/2-1/2"]
[WhiteElo "2302"]
[BlackElo "2181"]
[PlyCount "116"]
[EventDate "2011.11.15"]

1. e4 e6 2. d4 d5 3. Nc3 Nf6 4. e5 Nfd7 5. f4 c5 6. Nf3 Nc6 7. Be3 a6 8. Qd2 b5
9. a3 Bb7 10. Qf2 cxd4 11. Nxd4 Nxd4 12. Bxd4 Qc7 13. Bd3 Bc5 14. Ne2 Bxd4 15.
Nxd4 Nc5 16. O-O Ne4 17. Qe3 O-O 18. c3 Qe7 19. Qh3 Rae8 20. Qe3 f6 21. Nf3 Qc5
22. Qxc5 Nxc5 23. Bc2 Re7 24. a4 Bc6 25. Nd4 Be8 26. axb5 axb5 27. Ra8 Bg6 28.
Rxf8+ Kxf8 29. Bxg6 hxg6 30. b4 Ne4 31. Nxb5 Rb7 32. Nd4 Nxc3 33. Nxe6+ Ke7 34.
Nd4 Nb5 35. Nc6+ Kd7 36. Na5 Rc7 37. Re1 Nd4 38. Kf1 Rc2 39. Rd1 fxe5 40. fxe5
Nf5 41. Rxd5+ Ke6 42. Rd3 Kxe5 43. Nb3 Rc4 44. Na5 Ke4 45. Nxc4 Kxd3 46. Na5
Nd4 47. Kf2 Kc3 48. b5 Nxb5 49. Nc6 Nd4 50. Nxd4 Kxd4 51. Kf3 Kd3 52. h4 Kd2
53. g4 Ke1 54. Kg3 Ke2 55. Kf4 Kf2 56. h5 gxh5 57. gxh5 Kg2 58. Kg5 Kg3 1/2-1/2

[Event "21st World Senior Chess Championship"]
[Site "Rijeka"]
[Date "2011.11.21"]
[Round "6.33"]
[White "Ruckschloss, Karol"]
[Black "Lucena, Lincoln"]
[Result "1-0"]
[WhiteElo "2297"]
[BlackElo "2163"]
[PlyCount "71"]
[EventDate "2011.11.15"]

1. c4 c5 2. Nc3 Nc6 3. g3 g6 4. Bg2 Bg7 5. e4 d6 6. Nge2 e6 7. d3 Nge7 8. a3
Qd7 9. Rb1 b6 10. b4 Bb7 11. Qa4 h6 12. Be3 Rd8 13. O-O O-O 14. Rfd1 Qc8 15. f4
f5 16. Rbc1 Qa8 17. Bf2 Kh7 18. Qb3 Nd4 19. Qb1 Nxe2+ 20. Nxe2 e5 21. Be3 Rfe8
22. fxe5 dxe5 23. bxc5 bxc5 24. Nc3 fxe4 25. dxe4 Rd4 26. Bxd4 exd4 27. Nd5 Qc8
28. Rf1 Nxd5 29. exd5 Qd7 30. Be4 Qg4 31. Rf4 Qg5 32. Re1 Rb8 33. Rf7 d3 34.
Bxd3 Qd2 35. Ree7 Rg8 36. Qxb7 1-0